000
00226nam a2200085Ia 4500
245
0
_a
Christmas foods
100
_a
VAUGHAN, Jenny Oxford, 2009 2nd ed
_9
76669
942
_c
BK
008
210817s9999 xx 000 0 und d
999
_c
259374
_d
259373